| 000 | 00349cam a22001217a 4500 | ||
|---|---|---|---|
| 008 | 180718b1947 xxu||||| |||| 00| 0 eng d | ||
| 082 | _aB11x595 W733 | ||
| 100 | _aWinstedt, Richard | ||
| 245 |
_aMalays:a cultural history _cby Richard Winstedt |
||
| 260 |
_aLondon _bRoutledge & Kegan Paul _c1947 |
||
| 300 | _av,198p | ||
| 650 | _aMalays (Asian people) | ||
| 999 |
_c417426 _d417426 |
||